00558nam a22001817a 450000500170000001000150001702000260003203500130005803700130007108200120008410000160009624501170011226000340022927000450026330000320030850000190034070000170035920100820151235.0 aENG-101025 a9788120338784c195.00 aEN-84558 bDBAD/PUB a650.144 aLata, Puspa aCommunicate to conquer :ba handbook of group discussions and job interviews /cby Puspa Lata [and] Sanjay Kumar aNew DelhibPHI Learningc2010 aM-97, Connaught CircusbNew Delhie100011 a136p.c22cm (pbk)e1CD -ROM aIncludes index aSanjay Kumar